[Event "AUTO-OPEN-798"]
[Site "http://www.queenalice.com/game.php?id=342966"]
[Date "2008.1.26"]
[Round "2"]
[White "pollo"]
[Black "APRENDIZ001"]
[Result "0-1"]
[WhiteElo "1475"]
[BlackElo "1791"]

1. e4 e5 2. Nf3 Nc6 3. Bb5 a6 4. Bxc6 dxc6 5. Nxe5 Qd4 6. Qh5 Qxe4+ 7. Kd1 Nh6
8. Re1 Qd5 9. Nxf7+ Kd7 10. Qh3+ Nf5 11. Nxh8 Kd8 12. Qf3 Qxf3+ 13. gxf3 Be6 14.
Rxe6 Kd7 15. Re4 Nd6 16. Rd4 c5 17. Rh4 Re8 18. Rxh7 Re5 19. Ng6 Rg5 20. Nxf8+
Ke7 21. Ke2 Rg1 22. Nc3 Kxf8 23. Nd5 c6 24. Nf4 Kf7 25. Nh3 Rg2 26. d3 Kg8 27.
Rh6 gxh6 28. Nf4 Rg1 0-1

[Event "AUTO-OPEN-798"]
[Site "http://www.queenalice.com/game.php?id=342967"]
[Date "2008.1.26"]
[Round "2"]
[White "APRENDIZ001"]
[Black "pollo"]
[Result "1-0"]
[WhiteElo "1794"]
[BlackElo "1472"]

1. c4 d5 2. cxd5 Qxd5 3. Nc3 Qh5 4. d4 e5 5. dxe5 Qxe5 6. Nf3 Qa5 7. e4 Bb4 8.
Bd2 Nf6 9. Qa4+ Nc6 10. Qxa5 Bxa5 11. e5 Bxc3 12. Bxc3 Ne4 13. Bb5 Bd7 14. Rc1
O-O-O 15. O-O a6 16. Bd3 Bf5 17. Bxe4 Bxe4 18. Ng5 Rhf8 19. Nxe4 b5 20. Rcd1 b4
21. Rxd8+ Rxd8 22. Bd2 a5 23. Rc1 Kb7 24. Nc5+ Ka8 25. Bf4 h6 26. e6 1-0

[Event "Challenge"]
[Site "http://www.queenalice.com/game.php?id=392856"]
[Date "2008.4.24"]
[Round "-"]
[White "APRENDIZ001"]
[Black "SmartPatzer"]
[Result "1-0"]
[WhiteElo "1810"]
[BlackElo "1860"]

1. e4 e6 2. d4 d5 3. Nc3 Nf6 4. Bg5 Be7 5. e5 Nfd7 6. Bxe7 Qxe7 7. Nf3 c5 8. Be2
O-O 9. O-O Nc6 10. Nb5 cxd4 11. Nbxd4 Ndxe5 12. c3 Bd7 13. Re1 Nxf3+ 14. Bxf3
Rac8 15. Bxd5 Nxd4 16. Qxd4 Bc6 17. Bxc6 Rxc6 18. Qxa7 Ra6 19. Qe3 Rd8 20. c4
Rad6 21. a3 Qd7 22. Qc1 b6 23. a4 Rd2 24. Kf1 Qd3+ 25. Kg1 Qd4 26. Rf1 Rxb2 27.
a5 g6 28. a6 Rb4 29. a7 Ra8 30. Qa3 Rxc4 31. Rfd1 Qf6 32. Rab1 Qe7 33. Qxe7 1-0

[Event "Challenge"]
[Site "http://www.queenalice.com/game.php?id=392857"]
[Date "2008.4.24"]
[Round "-"]
[White "SmartPatzer"]
[Black "APRENDIZ001"]
[Result "0-1"]
[WhiteElo "1732"]
[BlackElo "1797"]

1. e4 c6 2. g3 d5 3. Bg2 Nf6 4. e5 Ng4 5. d4 h5 6. h3 Nh6 7. Qxh5 g6 8. Qe2 Bg7
9. f4 Nf5 10. Qd3 Be6 11. Nf3 Nxg3 12. Rg1 Bf5 13. Qd2 Na6 14. h4 Qb6 15. Nc3
Nb4 16. Bf1 Ne4 17. Nxe4 Bxe4 18. Bd3 Bxf3 19. c3 Nxd3+ 20. Qxd3 Be4 21. Qh3 Bf5
22. Qh2 O-O-O 23. Be3 Qb5 24. O-O-O Qa4 25. a3 Qb3 26. Rg5 Rxh4 27. Qg2 Qa2 28.
Kd2 Qxb2+ 29. Ke1 Qxc3+ 0-1

[Event "elciospy"]
[Site "http://www.queenalice.com/game.php?id=412411"]
[Date "2008.6.3"]
[Round "5"]
[White "APRENDIZ001"]
[Black "joffly"]
[Result "0-1"]
[WhiteElo "1800"]
[BlackElo "1726"]

1. c4 d5 2. cxd5 Qxd5 3. Nc3 Qa5 4. e4 Nf6 5. Bd3 e5 6. Nf3 Nc6 7. O-O Bg4 8.
Re1 O-O-O 9. Be2 Bc5 10. a3 Rhe8 11. d3 Bxf3 12. Bxf3 h6 13. Bd2 Rxd3 14. Qc2
Red8 15. Red1 Qb6 16. Be1 Rxd1 17. Bxd1 Nd4 18. Na4 Nxc2 19. Nxb6+ Bxb6 20. Bxc2
Bd4 21. Rb1 c5 22. h3 b6 23. Kf1 Kc7 24. Ke2 Nh5 25. Kf1 g5 26. g3 a6 27. Bd3
Bxf2 28. Bxf2 Rxd3 29. Ke2 Rb3 30. Kd2 Nxg3 31. Bxg3 Rxg3 32. Rf1 Rxh3 33. Rxf7+
Kc6 34. Rf5 g4 35. Ke2 Rh2+ 36. Ke3 g3 37. Rf6+ Kb5 38. Rg6 g2 39. b3 Rh3+ 40.
Kf2 Rxb3 41. Kxg2 Rxa3 0-1

[Event "AUTO-OPEN-798"]
[Site "http://www.queenalice.com/game.php?id=435244"]
[Date "2008.7.18"]
[Round "3"]
[White "APRENDIZ001"]
[Black "JackBauer"]
[Result "0-1"]
[WhiteElo "1828"]
[BlackElo "2392"]

1. c4 c6 2. Nc3 Nf6 3. g3 e5 4. Bg2 d5 5. cxd5 cxd5 6. d3 Nc6 7. Bg5 Be6 8. Nf3
Be7 9. O-O O-O 10. h3 h6 11. Bd2 Qd7 12. Kh2 Rae8 13. Rc1 d4 14. Ne4 Nxe4 15.
Ng1 Nxd2 16. Qxd2 f5 17. a3 g5 18. b4 Nd8 19. Qb2 Nf7 20. b5 Nd6 21. Rc5 e4 22.
Rcc1 Nxb5 23. dxe4 Bxa3 24. Qd2 Bxc1 25. Rxc1 fxe4 26. Bxe4 Rxf2+ 27. Bg2 Bd5
28. Nf3 Bxf3 0-1

[Event "AUTO-OPEN-798"]
[Site "http://www.queenalice.com/game.php?id=435245"]
[Date "2008.7.18"]
[Round "3"]
[White "JackBauer"]
[Black "APRENDIZ001"]
[Result "1-0"]
[WhiteElo "2392"]
[BlackElo "1828"]

1. e4 e6 2. d3 d5 3. Nd2 Nf6 4. Ngf3 Bb4 5. e5 Nfd7 6. d4 O-O 7. Bd3 f5 8. c3
Be7 9. b4 a5 10. b5 b6 11. c4 c6 12. a4 Bb4 13. Bb2 Re8 14. O-O c5 15. cxd5 exd5
16. Bxf5 c4 17. Ba3 Bxa3 18. Rxa3 Nf8 19. Bxc8 Qxc8 20. Ne1 Ne6 21. Nc2 Ra7 22.
f4 Rf7 23. f5 Nxd4 24. Nxd4 Qc5 25. Qa1 Rxe5 26. Rg3 1-0

[Event "AUTO-OPEN-1202"]
[Site "http://www.queenalice.com/game.php?id=435774"]
[Date "2008.7.19"]
[Round "1"]
[White "APRENDIZ001"]
[Black "Soncini"]
[Result "0-1"]
[WhiteElo "1839"]
[BlackElo "2105"]

1. c4 e6 2. Nc3 Nf6 3. g3 d5 4. cxd5 exd5 5. e3 c6 6. Bg2 Bd6 7. Nge2 Bg4 8. O-O
h5 9. f3 Bf5 10. Nd4 Bd3 11. Re1 Qb6 12. a3 h4 13. g4 c5 14. Nf5 Bxf5 15. gxf5
Nc6 16. Na4 Qc7 17. d3 Bxh2+ 18. Kh1 h3 19. f4 hxg2+ 20. Kxg2 Ne7 21. Rh1 g5 22.
Rxh2 Rxh2+ 23. Kxh2 Nxf5 24. Qg4 Nxg4+ 0-1

[Event "AUTO-OPEN-1202"]
[Site "http://www.queenalice.com/game.php?id=435775"]
[Date "2008.7.19"]
[Round "1"]
[White "Soncini"]
[Black "APRENDIZ001"]
[Result "1-0"]
[WhiteElo "2112"]
[BlackElo "1834"]

1. d4 Nf6 2. c4 d5 3. cxd5 Nxd5 4. e4 Nf6 5. Nc3 e6 6. Nf3 Bb4 7. Bg5 O-O 8. e5
h6 9. exf6 hxg5 10. fxg7 Kxg7 11. h4 g4 12. Ne5 f5 13. a3 Ba5 14. Qd2 Nc6 15.
Nxc6 bxc6 16. Bc4 Qd6 17. h5 f4 18. h6+ Kh8 19. b4 Bb6 20. O-O-O Bd7 21. Ne4 Qe7
22. Nc5 a5 23. Nxd7 Qxd7 24. d5 cxd5 25. Qb2+ d4 26. Qe2 axb4 27. Qe5+ Kg8 28.
Bxe6+ Qxe6 29. Qxe6+ Kh7 30. Qe7+ Kg6 31. Qg7+ Kf5 32. Rde1 1-0

[Event "AUTO-OPEN-1202"]
[Site "http://www.queenalice.com/game.php?id=435776"]
[Date "2008.7.19"]
[Round "1"]
[White "APRENDIZ001"]
[Black "ricardosf"]
[Result "0-1"]
[WhiteElo "1829"]
[BlackElo "1496"]

1. c4 d5 2. cxd5 Qxd5 3. Nc3 Qe5 4. Nf3 Qf4 5. d4 Qg4 6. e4 f5 7. e5 g6 8. Nd5
Qe4+ 9. Ne3 e6 10. Bd3 Qf4 11. Nxf5 Qg4 12. Ne3 Qh5 13. O-O Nc6 14. Bb5 Bh6 15.
d5 exd5 16. Qxd5 Ne7 17. Qc5 Bxe3 18. Bxe3 b6 19. Bxc6+ Nxc6 20. Qxc6+ Bd7 21.
Qxa8+ Ke7 22. Qxh8 Bh3 23. Qf6+ Kd7 24. Rfd1+ Kc8 25. Rd8+ Kb7 0-1

[Event "AUTO-OPEN-1202"]
[Site "http://www.queenalice.com/game.php?id=435777"]
[Date "2008.7.19"]
[Round "1"]
[White "ricardosf"]
[Black "APRENDIZ001"]
[Result "0-1"]
[WhiteElo "1460"]
[BlackElo "1833"]

1. e4 e6 2. d4 d5 3. exd5 exd5 4. Qe2+ Be7 5. Bg5 Be6 6. Bxe7 Nxe7 7. Qb5+ Nd7
8. Qxb7 O-O 9. Nf3 Nf5 10. Ng5 Nxd4 11. Nxe6 fxe6 12. c3 Nc2+ 13. Kd2 Nxa1 14.
c4 Rxf2+ 15. Ke3 Rf5 16. cxd5 Nc2+ 17. Kd3 Nc5+ 18. Kxc2 Nxb7 19. dxe6 Rc5+ 20.
Kb3 Rb8 21. Nd2 Na5+ 0-1

[Event "AUTO-OPEN-1202"]
[Site "http://www.queenalice.com/game.php?id=435778"]
[Date "2008.7.19"]
[Round "1"]
[White "APRENDIZ001"]
[Black "pepe41"]
[Result "1-0"]
[WhiteElo "1835"]
[BlackElo "1536"]

1. c4 e5 2. Nc3 Nf6 3. g3 Nc6 4. Bg2 Bb4 5. e3 d6 6. Nge2 Be6 7. d3 d5 8. cxd5
Nxd5 9. O-O O-O 10. Ne4 Be7 11. N2c3 1-0

[Event "AUTO-OPEN-1202"]
[Site "http://www.queenalice.com/game.php?id=435779"]
[Date "2008.7.19"]
[Round "1"]
[White "pepe41"]
[Black "APRENDIZ001"]
[Result "0-1"]
[WhiteElo "1556"]
[BlackElo "1828"]

1. e4 e6 2. d4 d5 3. Nc3 Bb4 4. exd5 exd5 5. Bd2 Nf6 6. Nf3 O-O 7. Be2 Nc6 8.
O-O Re8 9. Re1 Bf5 10. Bb5 a6 11. Bxc6 bxc6 0-1

[Event "Challenge"]
[Site "http://www.queenalice.com/game.php?id=616637"]
[Date "2009.7.10"]
[Round "-"]
[White "SantosC"]
[Black "APRENDIZ001"]
[Result "0-1"]
[WhiteElo "1249"]
[BlackElo "1781"]

1. e4 c6 2. d4 d5 3. Nc3 dxe4 4. Nxe4 Bf5 5. Ng3 Bg6 6. Nf3 Nf6 7. h4 Qa5+ 8.
Bd2 Qc7 9. h5 Be4 10. Bc4 h6 11. Qe2 Bxf3 12. Qxf3 e6 0-1

[Event "AUTO-ADV-1395"]
[Site "http://www.queenalice.com/game.php?id=616710"]
[Date "2009.7.10"]
[Round "1"]
[White "thewhitebishop"]
[Black "APRENDIZ001"]
[Result "1-0"]
[WhiteElo "2114"]
[BlackElo "1773"]

1. e4 c6 2. d4 d5 3. exd5 cxd5 4. c4 e6 5. c5 Nc6 6. Nc3 Nf6 7. Bb5 Bd7 8. Bxc6
Bxc6 9. Bf4 Be7 10. Nf3 Qa5 11. O-O Nd7 12. a3 b6 13. b4 Qa6 14. a4 Qc4 15. b5
Qxc3 16. bxc6 Nf6 17. Rc1 Qa5 18. Bd6 Ne4 19. Bxe7 Kxe7 20. Ne5 bxc5 21. dxc5
Qc7 22. Qh5 g6 23. Qh4+ f6 24. Rb1 Qxe5 25. Rb7+ Kd8 26. Rxh7 Re8 27. Rd7+ Kc8
28. Qh7 Nxc5 29. Qf7 Rd8 30. Rxd8+ Kxd8 31. Qf8+ Kc7 32. Qxa8 a6 33. a5 Qd4 34.
Rb1 Nb3 35. Qb7+ Kd6 36. c7 Qd3 37. c8=N+ Ke5 38. Qxb3 1-0

[Event "AUTO-ADV-1395"]
[Site "http://www.queenalice.com/game.php?id=616711"]
[Date "2009.7.10"]
[Round "1"]
[White "APRENDIZ001"]
[Black "thewhitebishop"]
[Result "0-1"]
[WhiteElo "1776"]
[BlackElo "2112"]

1. c4 e5 2. Nc3 f5 3. d4 e4 4. e3 Nf6 5. Nh3 Bb4 6. Nf4 O-O 7. Qb3 c5 8. d5 g5
9. Ne2 Nh5 10. Bd2 a6 11. Ng3 Qe8 12. O-O-O d6 13. Be2 Ng7 14. Nf1 Nd7 15. g4
Nf6 16. gxf5 Nxf5 17. Ng3 Qe5 18. Nxf5 Qxf5 19. Rdf1 a5 20. a4 Qe5 21. f3 Bh3
22. f4 Qe7 23. Rfg1 g4 24. Qd1 h5 25. Qe1 Qh7 26. Qh4 Qf5 27. Bf1 Bxf1 28. Rxf1
Kf7 29. Nb5 Ke7 30. Nc7 Rac8 31. Ne6 Rg8 32. Bxb4 cxb4 33. b3 Qxd5 34. Rd1 Qxe6
35. Rd5 Kd7 36. Rhd1 Nxd5 37. Rxd5 Qxd5 0-1

[Event "AUTO-ADV-1395"]
[Site "http://www.queenalice.com/game.php?id=616722"]
[Date "2009.7.10"]
[Round "1"]
[White "Thyba"]
[Black "APRENDIZ001"]
[Result "1-0"]
[WhiteElo "2075"]
[BlackElo "1783"]

1. f4 f5 2. Nc3 Nf6 3. Nf3 Nc6 4. g3 d6 5. Bg2 e6 6. O-O d5 7. e3 Bc5 8. a3 Ne4
9. Nxe4 dxe4 10. Nh4 Qf6 11. Rb1 g6 12. b4 Be7 13. Bb2 e5 14. fxe5 Nxe5 15. Bxe4
Qd6 16. Bxf5 Bxh4 17. Bxc8 Rxc8 18. gxh4 Rf8 19. Rxf8+ Kxf8 20. Bxe5 Qxe5 21.
Qf3+ Ke8 22. Rf1 Kd7 23. Qxb7 Re8 24. Rf7+ Re7 25. Rxe7+ Kxe7 26. Qxa7 Qa1+ 27.
Kg2 Qe5 28. Qc5+ Qxc5 29. bxc5 Ke6 30. Kf3 Kd5 31. d4 h5 32. Kf4 c6 33. Kg5 1-0

[Event "AUTO-ADV-1395"]
[Site "http://www.queenalice.com/game.php?id=616723"]
[Date "2009.7.10"]
[Round "1"]
[White "APRENDIZ001"]
[Black "Thyba"]
[Result "0-1"]
[WhiteElo "1779"]
[BlackElo "2103"]

1. c4 e5 2. Nc3 c5 3. g3 f5 4. e3 Nf6 5. Bg2 g6 6. Nge2 Bg7 7. d4 cxd4 8. exd4
exd4 9. Nxd4 O-O 10. O-O Nc6 11. Be3 Ng4 12. Nxc6 dxc6 13. Qxd8 Rxd8 14. Rac1
Nxe3 15. fxe3 Be6 16. Ne2 Bxb2 17. Rc2 Be5 18. Nf4 Bf7 19. Bf3 Rd7 20. Rb1 Rad8
21. a4 g5 22. Ng2 Bg6 23. Kf2 g4 24. Nh4 gxf3 25. Nxg6 hxg6 26. Kxf3 b6 27. Re1
Rd2 28. Re2 Rxc2 29. Rxc2 Rd3 30. Ke2 Ra3 31. c5 Rc3 32. Rxc3 Bxc3 33. Kd3 Bb4
34. cxb6 axb6 35. e4 fxe4+ 36. Kd4 c5+ 37. Kxe4 Kf7 38. Kd5 Kf6 39. g4 Kg5 0-1

[Event "AUTO-ADV-1395"]
[Site "http://www.queenalice.com/game.php?id=616730"]
[Date "2009.7.10"]
[Round "1"]
[White "APRENDIZ001"]
[Black "proficio"]
[Result "0-1"]
[WhiteElo "1763"]
[BlackElo "1953"]

1. c4 e5 2. Nc3 Bb4 3. g3 Bxc3 4. bxc3 Nf6 5. Bg2 O-O 6. d4 Re8 7. Bg5 d6 8. Qc2
c6 9. Be4 g6 10. dxe5 Rxe5 11. Bxf6 Qxf6 12. Nf3 Rc5 13. Qb3 Be6 14. O-O b6 15.
Bd3 d5 16. Nd2 Nd7 17. e4 Ne5 18. cxd5 cxd5 19. Qc2 d4 20. c4 b5 21. Qb2 Nxd3
22. Qb1 bxc4 23. Kg2 Qg5 24. Nf3 Qg4 25. Ng1 Qxe4+ 26. Nf3 Rg5 27. Qd1 Nf4+ 0-1

[Event "AUTO-ADV-1395"]
[Site "http://www.queenalice.com/game.php?id=616731"]
[Date "2009.7.10"]
[Round "1"]
[White "proficio"]
[Black "APRENDIZ001"]
[Result "1-0"]
[WhiteElo "1963"]
[BlackElo "1771"]

1. e4 e5 2. Nf3 Nc6 3. Bb5 d6 4. Bxc6+ bxc6 5. O-O Nf6 6. Re1 Bg4 7. d3 c5 8. c4
Be7 9. b3 a5 10. Nbd2 Qb8 11. Qc2 Bd7 12. a4 O-O 13. Nf1 h6 14. Ng3 Bg4 15. Nh4
Nh7 16. Nhf5 Bxf5 17. Nxf5 Bg5 18. Bxg5 Nxg5 19. Re3 Kh7 20. h4 Ne6 21. Rb1 g6
22. Ne7 Qe8 23. Nd5 Qd8 24. Qd2 Qxh4 25. Rh3 Qf6 26. Qxh6+ 1-0

[Event "Challenge"]
[Site "http://www.queenalice.com/game.php?id=624869"]
[Date "2009.7.26"]
[Round "-"]
[White "APRENDIZ001"]
[Black "wbj07"]
[Result "0-1"]
[WhiteElo "1764"]
[BlackElo "1877"]

1. c4 e6 2. Nc3 d5 3. d4 Nf6 4. Nf3 Nc6 5. Bg5 Be7 6. c5 O-O 7. e3 h6 8. Bh4 b6
9. cxb6 axb6 10. a3 Ba6 11. Bxa6 Rxa6 12. O-O g5 13. Bg3 Nh5 14. Nxg5 Nxg3 15.
Nxe6 fxe6 16. fxg3 Rxf1+ 17. Qxf1 Qf8 18. Qd3 Nb8 19. Qg6+ Kh8 20. Qxe6 b5 21.
Qxd5 Bg5 22. Qf3 Qxf3 0-1

[Event "Challenge"]
[Site "http://www.queenalice.com/game.php?id=624870"]
[Date "2009.7.26"]
[Round "-"]
[White "APRENDIZ001"]
[Black "wbj07"]
[Result "1-0"]
[WhiteElo "1755"]
[BlackElo "1886"]

1. e4 e6 2. d4 d5 3. e5 Nc6 4. Nc3 g6 5. Nf3 Bb4 6. Bd2 Bd7 7. a3 Ba5 8. b4 Bb6
9. Be3 Nge7 10. Bg5 a6 11. Be2 O-O 12. Bf6 Qe8 13. Qd2 Nf5 14. Na4 Bxd4 15. Nxd4
Ncxd4 16. Nc3 Nxe2 17. Nxe2 h5 18. Ng3 Kh7 19. Qg5 Ng7 20. Bxg7 Kxg7 21. Nxh5+
1-0

[Event "Challenge"]
[Site "http://www.queenalice.com/game.php?id=624871"]
[Date "2009.7.26"]
[Round "-"]
[White "APRENDIZ001"]
[Black "wbj07"]
[Result "0-1"]
[WhiteElo "1776"]
[BlackElo "1865"]

1. d4 d5 2. c4 e6 3. Nc3 Bb4 4. Qc2 Nf6 5. Bd2 c6 6. e3 O-O 7. c5 Nbd7 8. Bd3 h6
9. Nge2 Ba5 10. a3 Bc7 11. f3 b6 12. cxb6 axb6 13. g4 Ba6 14. Bxa6 Rxa6 15. Ng3
c5 16. Nb5 Bxg3+ 17. hxg3 Nh7 18. f4 cxd4 19. Nxd4 Ndf6 20. g5 hxg5 21. fxg5
Nxg5 22. Nc6 Qc7 23. Rc1 Qxg3+ 0-1